| 000 | 00778nam a22002531c 4500 | ||
|---|---|---|---|
| 001 | 00007190506 | ||
| 008 | 051003s1987 gw |||| 000u ger d | ||
| 020 |
_a3525363036 _93-525-36303-6 |
||
| 041 | _ager | ||
| 100 | 1 | _aReifeld, Helmut | |
| 245 | 0 | 0 |
_aZwischen Empire und Parlament : _bzur Gedankenbildung u. Politik Lord Roseberys (1880 - 1905) |
| 264 |
_aGöttingen u.a. : _bVandenhoeck & Ruprecht, _c1987 |
||
| 300 | _a228 S. | ||
| 600 | 0 | _aRosebery, Archibald Philip Primrose | |
| 648 | 0 | _a1880-1905 | |
| 650 | 0 | _aAußenpolitik | |
| 650 | 0 | _aPolitik | |
| 650 | 0 | _aPolitisches Denken | |
| 651 | 0 | _aGroßbritannien | |
| 942 | _cMG | ||
| 040 | _cRU-10907106 | ||
| 003 | RU-10907106 | ||
| 999 |
_c9235 _d9235 |
||
| 490 | 0 |
_aVeröffentlichungen des Deutschen Historischen Instituts in London _v18 |
|